| 000 | 00588nam a2200265Ia 4500 | ||
|---|---|---|---|
| 005 | 20260306164224.0 | ||
| 008 | 008 260114s9999 xx 000 0 eng d | ||
| 020 | _a9780300178050 | ||
| 037 | _aEBOOK | ||
| 040 | _aCRL | ||
| 040 | _beng | ||
| 040 | _cCRL | ||
| 041 | _2eng | ||
| 041 | _aeng | ||
| 084 | _qCRL | ||
| 100 | _aMeyers | ||
| 245 | 0 | _aAbandoned To Ourselves | |
| 260 | _bYale University Press | ||
| 260 | _c2014 | ||
| 650 | _aPhilosophy | ||
| 856 | _uhttps://academic.oup.com/book/18814 | ||
| 942 | _cEBOOK | ||
| 999 |
_c1713245 _d1713245 |
||